[Event "Bohemia South-chT 0405"]
[Site "Czech Republic"]
[Date "2005.??.??"]
[Round "?"]
[White "Hrabe, Petr"]
[Black "Kincl, Pavel"]
[Result "1/2-1/2"]
[WhiteElo "2130"]
[BlackElo "2020"]
[PlyCount "90"]
[EventDate "2004.10.??"]
[EventType "team"]
[EventRounds "11"]
[EventCountry "CZE"]
[SourceTitle "EXT 2007"]
[Source "ChessBase"]
[SourceDate "2006.11.23"]
[SourceVersion "1"]
[SourceVersionDate "2006.11.23"]
[SourceQuality "1"]

1. e4 e5 2. Nf3 Nc6 3. Bb5 a6 4. Ba4 Nf6 5. 0-0 d6 6. Re1 b5 7. Bb3 Na5 8. d4 Nxb3 9. axb3 Nd7 10. dxe5 Nxe5 11. Nxe5 dxe5 12. Qh5 Qf6 13. Nc3 c6 14. Re3 g6 15. Qd1 Bc5 16. Rf3 Qe7 17. Rd3 0-0 18. Bh6 Re8 19. Qd2 Be6 20. Be3 f6 21. Rf1 g5 22. Rd1 Bg4 23. f3 Be6 24. Qf2 Bxe3 25. Qxe3 Qa7 26. Kf2 Kf7 27. Rd6 Qxe3+ 28. Kxe3 Rac8 29. Ne2 Ke7 30. b4 Bd5 31. exd5 Kxd6 32. dxc6+ Kxc6 33. Ra1 Kb6 34. c3 f5 35. Nc1 Red8 36. Nb3 Ra8 37. g4 fxg4 38. fxg4 Rf8 39. Nc5 Rf4 40. h3 Ra7 41. Rd1 Rf6 42. Nd7+ Rxd7 43. Rxd7 Rh6 44. Ke4 Rxh3 45. Kxe5 h5 1/2-1/2

[Event "Bohemia South-chT 0405"]
[Site "Czech Republic"]
[Date "2005.??.??"]
[Round "?"]
[White "Nehybka, Jiri"]
[Black "Hrabe, Petr"]
[Result "1-0"]
[WhiteElo "2175"]
[BlackElo "2130"]
[PlyCount "69"]
[EventDate "2004.10.??"]
[EventType "team"]
[EventRounds "11"]
[EventCountry "CZE"]
[SourceTitle "EXT 2007"]
[Source "ChessBase"]
[SourceDate "2006.11.23"]
[SourceVersion "1"]
[SourceVersionDate "2006.11.23"]
[SourceQuality "1"]

1. e4 c5 2. Nc3 Nc6 3. g3 g6 4. Bg2 Bg7 5. d3 d6 6. f4 e6 7. Nf3 Nge7 8. 0-0 0-0 9. Be3 Nd4 10. e5 Nef5 11. Bf2 Nxf3+ 12. Qxf3 Nd4 13. Qd1 dxe5 14. fxe5 Bxe5 15. Ne4 f5 16. Nxc5 Qd6 17. b4 Nc6 18. Rb1 Rb8 19. Nb3 Qxb4 20. Nd4 Qa4 21. Nxc6 bxc6 22. Rxb8 Bxb8 23. Qb1 Bd6 24. Qb3 Qxb3 25. axb3 Bd7 26. Ra1 Ra8 27. Ra6 Kf7 28. Bxc6 Bxc6 29. Rxc6 Be5 30. Ra6 Ke7 31. Rxa7+ Rxa7 32. Bxa7 Kd6 33. Bb8+ Kd5 34. Bxe5 Kxe5 35. c3 1-0

[Event "CZE-chT2d 0304"]
[Site "Czech Republic"]
[Date "2004.??.??"]
[Round "?"]
[White "Skacelik, Petr"]
[Black "Hrabe, Petr"]
[Result "1-0"]
[WhiteElo "2241"]
[BlackElo "2174"]
[PlyCount "65"]
[EventDate "2003.??.??"]
[EventType "team"]
[EventRounds "11"]
[EventCountry "CZE"]
[SourceTitle "EXT 2007"]
[Source "ChessBase"]
[SourceDate "2006.11.23"]
[SourceVersion "1"]
[SourceVersionDate "2006.11.23"]
[SourceQuality "1"]

1. d4 d5 2. c4 e6 3. Nc3 c5 4. cxd5 exd5 5. Nf3 Nc6 6. g3 Nf6 7. Bg2 Be7 8. 0-0 0-0 9. Bg5 cxd4 10. Nxd4 h6 11. Be3 Re8 12. Rc1 Bf8 13. Nxc6 bxc6 14. Na4 Bd7 15. Bc5 Qc8 16. Bxf8 Kxf8 17. Re1 Bh3 18. Qc2 Bxg2 19. Kxg2 Re6 20. Nc5 Re7 21. e4 Qe8 22. Re2 dxe4 23. Rce1 Kg8 24. Nxe4 Nxe4 25. Rxe4 Rxe4 26. Rxe4 Qd7 27. Qc5 Re8 28. Rxe8+ Qxe8 29. Qxa7 Qe4+ 30. f3 Qc2+ 31. Qf2 Qf5 32. Qe2 Qd5 33. Qe8+ 1-0

[Event "MOR-chT2S 0203"]
[Site "Moravia"]
[Date "2003.03.16"]
[Round "10"]
[White "Hrabe, Petr"]
[Black "Svehla, Karel"]
[Result "1-0"]
[WhiteElo "2174"]
[BlackElo "2130"]
[PlyCount "107"]
[EventDate "2002.10.??"]
[EventType "team"]
[EventRounds "11"]
[EventCountry "CZE"]
[SourceTitle "EXT 2006"]
[Source "ChessBase"]
[SourceDate "2005.11.24"]
[SourceVersion "1"]
[SourceVersionDate "2005.11.24"]
[SourceQuality "1"]

1. e4 e6 2. d4 d5 3. Nd2 Nf6 4. e5 Nfd7 5. Bd3 c5 6. c3 Nc6 7. Ne2 Qb6 8. Nf3 cxd4 9. cxd4 f6 10. exf6 Nxf6 11. 0-0 Bd6 12. Nc3 Bd7 13. Re1 0-0 14. Bg5 Rf7 15. Bh4 Raf8 16. Ne5 Bxe5 17. dxe5 Ne8 18. Nxd5 exd5 19. e6 Rxf2 20. Bxf2 Qxf2+ 21. Kh1 Bc8 22. e7 Rf6 23. Qh5 g6 24. Qxd5+ Kg7 25. Bc4 Kh6 26. Qg8 Bd7 27. Rad1 Nd6 28. Rf1 Nxe7 29. Rxf2 Nxg8 30. Rxf6 Nxf6 31. Rxd6 Kg7 32. Kg1 Bc6 33. Be2 Kf7 34. Bf3 Bxf3 35. gxf3 Ke7 36. Rd4 Ke6 37. Kf2 Ke5 38. Rb4 b6 39. Rh4 h5 40. Ra4 a5 41. Rc4 g5 42. Rc6 Nd5 43. Kg3 Kf5 44. h4 gxh4+ 45. Kxh4 Kf4 46. Rd6 Ne3 47. Rf6+ Ke5 48. Rxb6 Nc4 49. Rb5+ Kf4 50. b3 Nd2 51. Rxa5 Kxf3 52. Kxh5 Ke4 53. Rc5 Kd4 54. Rc8 1-0

[Event "MOR-chT2S 0203"]
[Site "Moravia"]
[Date "2003.03.02"]
[Round "9"]
[White "Novotny, Jaroslav"]
[Black "Hrabe, Petr"]
[Result "0-1"]
[WhiteElo "2220"]
[BlackElo "2174"]
[PlyCount "80"]
[EventDate "2002.10.??"]
[EventType "team"]
[EventRounds "11"]
[EventCountry "CZE"]
[SourceTitle "EXT 2006"]
[Source "ChessBase"]
[SourceDate "2005.11.24"]
[SourceVersion "1"]
[SourceVersionDate "2005.11.24"]
[SourceQuality "1"]

1. d4 d5 2. Bg5 Nf6 3. Nc3 e6 4. e4 dxe4 5. Nxe4 Be7 6. Nxf6+ Bxf6 7. Bxf6 Qxf6 8. Nf3 b6 9. Bb5+ Bd7 10. Qe2 Bxb5 11. Qxb5+ c6 12. Qc4 Qd8 13. 0-0-0 Qd5 14. Qa4 b5 15. Qa3 Nd7 16. Rhe1 b4 17. Qa6 0-0 18. Kb1 Rfb8 19. Qe2 Rb5 20. Qe4 Nf6 21. Qxd5 cxd5 22. Ne5 Rab8 23. f3 R8b6 24. Re3 Kf8 25. Rdd3 Ke7 26. Rb3 Ne8 27. a3 f6 28. Nd3 bxa3 29. Rxa3 a5 30. b3 Nd6 31. g4 Nc4 32. Re2 Nxa3+ 33. Ka2 Nxc2 34. Rxc2 Rxb3 35. Rd2 Kd6 36. f4 Rc3 37. Nc5 Rxc5 38. dxc5+ Kxc5 39. Rc2+ Kd6 40. Rc8 Rb4 0-1

[Event "Morava-chT 9900"]
[Site "Czech Republic"]
[Date "2000.??.??"]
[Round "7"]
[White "Hrabe, Petr"]
[Black "Pospisil, Dusan"]
[Result "0-1"]
[WhiteElo "2253"]
[BlackElo "2232"]
[PlyCount "102"]
[EventDate "1999.??.??"]
[EventType "team-tourn"]
[EventRounds "11"]
[EventCountry "CZE"]
[SourceTitle "EXT 2001"]
[Source "ChessBase"]
[SourceDate "2000.11.22"]
[SourceVersion "1"]
[SourceVersionDate "2000.11.22"]
[SourceQuality "1"]

1. e4 c6 2. d4 d5 3. exd5 cxd5 4. Nc3 Nf6 5. Nf3 Nc6 6. Bb5 a6 7. Bxc6+ bxc6 8. Ne5 Bb7 9. Na4 e6 10. 0-0 Qc7 11. Bf4 Bd6 12. Qf3 0-0 13. Nd3 Bxf4 14. Qxf4 Qxf4 15. Nxf4 Nd7 16. Nd3 f6 17. Nac5 Nxc5 18. Nxc5 Bc8 19. Rfe1 Re8 20. f4 Ra7 21. Re3 Rae7 22. Rae1 Kf7 23. Kf2 h5 24. Rb3 Rc7 25. Rb6 a5 26. Re3 Ke7 27. Nxe6 Bxe6 28. f5 Kd6 29. Rxe6+ Rxe6 30. fxe6 a4 31. Ra6 Rb7 32. b3 axb3 33. axb3 g5 34. c4 Rxb3 35. c5+ Kxe6 36. Rxc6+ Kf5 37. Rb6 Rd3 38. Rb4 Ke4 39. Ke2 f5 40. h3 f4 41. Rb2 Re3+ 42. Kf2 Kxd4 43. Rc2 Re7 44. c6 Rc7 45. Kf3 Ke5 46. Re2+ Kf5 47. Rc2 g4+ 48. hxg4+ hxg4+ 49. Kf2 Ke5 50. Ke2 Kd6 51. g3 f3+ 0-1

[Event "Morava-chT 9899"]
[Site "Czech Republic"]
[Date "1999.??.??"]
[Round "6"]
[White "Hrabe, Petr"]
[Black "Bazant, Petr Sr"]
[Result "1-0"]
[WhiteElo "2290"]
[BlackElo "2330"]
[PlyCount "129"]
[EventDate "1998.??.??"]
[EventType "team-tourn"]
[EventRounds "11"]
[EventCountry "CZE"]
[SourceTitle "EXT 2000"]
[Source "ChessBase"]
[SourceDate "1999.11.16"]
[SourceVersion "1"]
[SourceVersionDate "1999.11.16"]
[SourceQuality "1"]

1. e4 c5 2. Nf3 Nf6 3. Nc3 Nc6 4. d4 d5 5. exd5 Nxd5 6. Nxd5 Qxd5 7. Be3 cxd4 8. Nxd4 a6 9. Be2 e5 10. Nxc6 Qxc6 11. Qd3 f5 12. Qc4 Bd7 13. Qxc6 Bxc6 14. 0-0 Bd6 15. Bb6 Rc8 16. c4 Ke7 17. Rfd1 h5 18. c5 Bb8 19. b4 Rh6 20. a4 Rg6 21. Bf1 h4 22. Ra3 f4 23. b5 axb5 24. axb5 Be4 25. f3 Bf5 26. Bd3 Ke6 27. Bxf5+ Kxf5 28. h3 Bc7 29. Bxc7 Rxc7 30. Rc3 Re6 31. Kf2 e4 32. Rd5+ Re5 33. Rxe5+ Kxe5 34. fxe4 Kd4 35. Ra3 Rxc5 36. Kf3 Rxb5 37. Kxf4 g5+ 38. Kf3 Ke5 39. Rd3 Rc5 40. Rb3 b5 41. Ke3 Kd6 42. Rb2 Rc3+ 43. Kd2 Rc5 44. Ke3 Kc7 45. Kd3 Kb6 46. Kd4 Kc6 47. Rf2 Rc4+ 48. Ke5 b4 49. Kf5 Kc5 50. e5 b3 51. Rb2 Rb4 52. e6 Kc4 53. e7 Rb8 54. Kf6 Kc3 55. Rb1 Kc2 56. Rf1 b2 57. Kf7 b1Q 58. Rxb1 Kxb1 59. e8Q Rxe8 60. Kxe8 Kc2 61. Kf7 Kd3 62. Kf6 Ke3 63. Kxg5 Kf2 64. Kxh4 Kxg2 65. Kg4 1-0

[Event "Morava-chT 9899"]
[Site "Czech Republic"]
[Date "1999.??.??"]
[Round "10"]
[White "Skacelik, Petr"]
[Black "Hrabe, Petr"]
[Result "1-0"]
[WhiteElo "2239"]
[BlackElo "2290"]
[PlyCount "55"]
[EventDate "1998.??.??"]
[EventType "team-tourn"]
[EventRounds "11"]
[EventCountry "CZE"]
[SourceTitle "EXT 2000"]
[Source "ChessBase"]
[SourceDate "1999.11.16"]
[SourceVersion "1"]
[SourceVersionDate "1999.11.16"]
[SourceQuality "1"]

1. d4 d5 2. c4 e6 3. Nc3 c5 4. e3 Nf6 5. Nf3 Nc6 6. a3 Be7 7. Be2 cxd4 8. exd4 dxc4 9. Bxc4 0-0 10. 0-0 b6 11. Be3 Bb7 12. Qe2 Rc8 13. Rac1 Na5 14. Ba2 Re8 15. Rfd1 Bf8 16. b4 Bxf3 17. gxf3 Nc6 18. Bc4 Nb8 19. Qa2 Bd6 20. Kh1 Nh5 21. Ne4 Bf4 22. Qd2 e5 23. Bxf4 Nxf4 24. Bb5 Re6 25. Rxc8 Qxc8 26. dxe5 Nh3 27. Qd8+ Re8 28. Qxe8+ 1-0

[Event "Morava-chT 9899"]
[Site "Czech Republic"]
[Date "1998.??.??"]
[Round "1"]
[White "Biolek, Richard"]
[Black "Hrabe, Petr"]
[Result "1-0"]
[WhiteElo "2425"]
[BlackElo "2290"]
[PlyCount "115"]
[EventDate "1998.??.??"]
[EventType "team-tourn"]
[EventRounds "11"]
[EventCountry "CZE"]
[SourceTitle "EXT 2000"]
[Source "ChessBase"]
[SourceDate "1999.11.16"]
[SourceVersion "1"]
[SourceVersionDate "1999.11.16"]
[SourceQuality "1"]

1. e4 c5 2. Nf3 Nc6 3. Bb5 g6 4. 0-0 Bg7 5. Re1 e5 6. Bxc6 dxc6 7. d3 Ne7 8. Nbd2 f6 9. Nc4 Be6 10. Be3 b6 11. a4 Bxc4 12. dxc4 a5 13. Ra3 Qc7 14. Rd3 Rd8 15. Rxd8+ Qxd8 16. Qe2 Qc7 17. Rd1 Nc8 18. c3 Bf8 19. Ne1 Be7 20. h4 0-0 21. Qg4 Rd8 22. Qe6+ Kg7 23. Rd3 Nd6 24. f3 Nf7 25. b3 Rxd3 26. Nxd3 Nd8 27. Qh3 Qd6 28. Nf2 Qe6 29. Qxe6 Nxe6 30. Nd3 Bd6 31. Kf2 Kf7 32. h5 g5 33. Kg3 Bf8 34. Kg4 Bd6 35. g3 Ng7 36. b4 Ne6 37. b5 cxb5 38. cxb5 Bc7 39. Nb2 Nf8 40. Nc4 Ne6 41. Bd2 Ng7 42. f4 h6 43. Ne3 Ke6 44. c4 Bd8 45. Nf5 Nxf5 46. exf5+ Kd6 47. fxg5 fxg5 48. Kf3 Bf6 49. Ke4 Bh8 50. Bc3 Bg7 51. f6 Bxf6 52. Kf5 Bg7 53. Kg6 Bf8 54. Kf7 Be7 55. Kg7 Ke6 56. Kxh6 Kf5 57. g4+ Kxg4 58. Kg6 1-0

[Event "Morava-chT 9798"]
[Site "Czech Republic"]
[Date "1998.??.??"]
[Round "7.4"]
[White "Hrabe, Petr"]
[Black "Vavra, Pavel"]
[Result "1/2-1/2"]
[WhiteElo "2290"]
[BlackElo "2340"]
[PlyCount "61"]
[EventDate "1997.??.??"]
[EventType "team-tourn"]
[EventRounds "11"]
[EventCountry "CZE"]
[SourceTitle "EXT 1999"]
[Source "ChessBase"]
[SourceDate "1998.11.16"]
[SourceVersion "1"]
[SourceVersionDate "1998.11.16"]
[SourceQuality "1"]

1. e4 c5 2. Nf3 e6 3. d4 cxd4 4. Nxd4 a6 5. Nc3 Qc7 6. Bd3 Nf6 7. Qe2 d6 8. Bg5 Be7 9. 0-0-0 Nc6 10. Nxc6 bxc6 11. f4 Rb8 12. Kb1 Qa5 13. Qd2 Qb4 14. b3 a5 15. e5 Nd5 16. Nxd5 cxd5 17. Bxe7 Qxd2 18. Rxd2 Kxe7 19. exd6+ Kxd6 20. c4 dxc4 21. Bxc4+ Ke7 22. Rhd1 Bb7 23. Rd7+ Kf6 24. g3 Rhc8 25. Kc2 Bd5 26. Kc3 a4 27. Rd2 axb3 28. axb3 h5 29. Kd4 Rb4 30. Rc2 Rcb8 31. Rd2 1/2-1/2

[Event "Morava-chT 9798"]
[Site "Czech Republic"]
[Date "1998.??.??"]
[Round "9.4"]
[White "Hrabe, Petr"]
[Black "Vavruska, Antonin"]
[Result "1-0"]
[WhiteElo "2290"]
[BlackElo "2215"]
[PlyCount "29"]
[EventDate "1997.??.??"]
[EventType "team-tourn"]
[EventRounds "11"]
[EventCountry "CZE"]
[SourceTitle "EXT 1999"]
[Source "ChessBase"]
[SourceDate "1998.11.16"]
[SourceVersion "1"]
[SourceVersionDate "1998.11.16"]
[SourceQuality "1"]

1. e4 e6 2. d4 d5 3. Nd2 dxe4 4. Nxe4 Be7 5. Nf3 Nf6 6. Nxf6+ Bxf6 7. Bd3 Nc6 8. c3 e5 9. dxe5 Nxe5 10. Nxe5 Bxe5 11. 0-0 Qh4 12. g3 Qf6 13. Re1 0-0 14. Qh5 Re8 15. Bg5 1-0

[Event "Morava-chT 9798"]
[Site "Czech Republic"]
[Date "1998.??.??"]
[Round "10.4"]
[White "Walek, Milan"]
[Black "Hrabe, Petr"]
[Result "1/2-1/2"]
[WhiteElo "2325"]
[BlackElo "2290"]
[PlyCount "69"]
[EventDate "1997.??.??"]
[EventType "team-tourn"]
[EventRounds "11"]
[EventCountry "CZE"]
[SourceTitle "EXT 1999"]
[Source "ChessBase"]
[SourceDate "1998.11.16"]
[SourceVersion "1"]
[SourceVersionDate "1998.11.16"]
[SourceQuality "1"]

1. e4 c5 2. Nf3 Nc6 3. Nc3 Nf6 4. d4 cxd4 5. Nxd4 e5 6. Ndb5 d6 7. Bg5 a6 8. Na3 b5 9. Bxf6 gxf6 10. Nd5 Bg7 11. Bd3 Be6 12. 0-0 f5 13. Qh5 f4 14. c3 Ne7 15. Nxe7 Qxe7 16. Nc2 0-0 17. Nb4 Qd7 18. h3 a5 19. Nc2 Rab8 20. a3 f5 21. Rad1 Rb6 22. Rd2 fxe4 23. Bxe4 Bf5 24. Bxf5 Qxf5 25. Qxf5 Rxf5 26. f3 Kf7 27. Rfd1 Bf8 28. Rd5 Ke6 29. Na1 Rf7 30. Nb3 Ra7 31. R1d3 Be7 32. Nd2 Rb8 33. Ne4 Ra6 34. Kf1 Rc6 35. Rd2 1/2-1/2

[Event "Morava-chT 9697"]
[Site "Czech Republic"]
[Date "1997.??.??"]
[Round "?"]
[White "Hrabe, Petr"]
[Black "Sobek, Jaroslav"]
[Result "0-1"]
[WhiteElo "2305"]
[BlackElo "2225"]
[PlyCount "96"]
[EventDate "1996.??.??"]
[EventType "team-tourn"]
[EventRounds "11"]
[EventCountry "CZE"]
[SourceTitle "EXT 1998"]
[Source "ChessBase"]
[SourceDate "1997.11.17"]
[SourceVersion "1"]
[SourceVersionDate "1997.11.17"]
[SourceQuality "1"]

1. e4 c5 2. Nf3 d6 3. d4 cxd4 4. Nxd4 Nf6 5. Nc3 a6 6. Bg5 e6 7. f4 Be7 8. Qf3 Qc7 9. 0-0-0 Nbd7 10. g4 b5 11. Bxf6 Nxf6 12. g5 Nd7 13. f5 Nc5 14. Bh3 b4 15. Nce2 Bxg5+ 16. Kb1 e5 17. Ne6 fxe6 18. Qh5+ Qf7 19. Qxg5 Nxe4 20. fxe6 Nxg5 21. exf7+ Nxf7 22. Bg2 Ra7 23. Bd5 Nd8 24. Ng3 Ke7 25. Rhf1 g6 26. a3 bxa3 27. bxa3 Be6 28. c4 Bxd5 29. cxd5 Rf8 30. Rxf8 Kxf8 31. Ne4 Ke7 32. Kc2 Rc7+ 33. Kd3 Nb7 34. Ke3 Nc5 35. Rc1 Kd7 36. Nf6+ Kd8 37. Rb1 Rf7 38. Ne4 Nxe4 39. Kxe4 Rf4+ 40. Ke3 Rd4 41. Rb6 Rxd5 42. Rxa6 Ke7 43. a4 Ke6 44. a5 Rd1 45. Ra8 Kd5 46. a6 Ra1 47. a7 Ra3+ 48. Ke2 Ke4 0-1

[Event "Morava-chT 9697"]
[Site "Czech Republic"]
[Date "1997.??.??"]
[Round "?"]
[White "Hrabe, Petr"]
[Black "Urbanec, Ladislav"]
[Result "1/2-1/2"]
[WhiteElo "2305"]
[BlackElo "2245"]
[PlyCount "21"]
[EventDate "1996.??.??"]
[EventType "team-tourn"]
[EventRounds "11"]
[EventCountry "CZE"]
[SourceTitle "EXT 1998"]
[Source "ChessBase"]
[SourceDate "1997.11.17"]
[SourceVersion "1"]
[SourceVersionDate "1997.11.17"]
[SourceQuality "1"]

1. e4 e5 2. Nf3 Nc6 3. Nc3 Nf6 4. Bb5 d6 5. 0-0 Be7 6. d3 0-0 7. h3 Bd7 8. Be3 a6 9. Ba4 b5 10. Bb3 Na5 11. Ne2 1/2-1/2

[Event "Morava-chT 9697"]
[Site "Czech Republic"]
[Date "1997.??.??"]
[Round "?"]
[White "Vavruska, Antonin"]
[Black "Hrabe, Petr"]
[Result "1/2-1/2"]
[WhiteElo "2225"]
[BlackElo "2305"]
[PlyCount "75"]
[EventDate "1996.??.??"]
[EventType "team-tourn"]
[EventRounds "11"]
[EventCountry "CZE"]
[SourceTitle "EXT 1998"]
[Source "ChessBase"]
[SourceDate "1997.11.17"]
[SourceVersion "1"]
[SourceVersionDate "1997.11.17"]
[SourceQuality "1"]

1. d4 d5 2. Nc3 Nf6 3. Bg5 e6 4. e4 dxe4 5. Nxe4 Be7 6. Bxf6 Bxf6 7. Nf3 0-0 8. c3 Nd7 9. Bd3 b6 10. h4 Bb7 11. Qe2 c5 12. 0-0-0 cxd4 13. cxd4 Be7 14. Kb1 a6 15. Nfg5 g6 16. f4 Nf6 17. h5 Nxe4 18. Bxe4 Bxe4+ 19. Nxe4 Ra7 20. Rh3 Bf6 21. d5 exd5 22. Rxd5 Qe7 23. Re3 Bg7 24. Nf2 Qf6 25. Nd3 Raa8 26. g3 Rad8 27. Rxd8 Rxd8 28. g4 Qc6 29. a3 Qh1+ 30. Ne1 Qd5 31. hxg6 hxg6 32. Rd3 Qa8 33. Nf3 Rxd3 34. Qxd3 b5 35. f5 Qc6 36. Nd2 Qf6 37. Qc2 gxf5 38. gxf5 1/2-1/2

[Event "CZE-chT2c 9596"]
[Site "Czech Republic"]
[Date "1996.??.??"]
[Round "2"]
[White "Antoshik, Alois"]
[Black "Hrabe, Petr"]
[Result "1/2-1/2"]
[WhiteElo "2225"]
[BlackElo "2305"]
[PlyCount "134"]
[EventDate "1995.??.??"]
[EventType "team"]
[EventRounds "11"]
[EventCountry "CZE"]
[SourceTitle "EXT 2000"]
[Source "ChessBase"]
[SourceDate "1999.11.16"]
[SourceVersion "1"]
[SourceVersionDate "1999.11.16"]
[SourceQuality "1"]

1. e4 c5 2. Nf3 Nc6 3. d4 cxd4 4. Nxd4 Nf6 5. Nc3 e5 6. Nb3 Bb4 7. Bc4 0-0 8. 0-0 Bxc3 9. bxc3 Nxe4 10. Ba3 d6 11. Qd3 Nc5 12. Nxc5 dxc5 13. Bxc5 Re8 14. Rab1 Qf6 15. Bd5 b6 16. Be3 Bb7 17. c4 Na5 18. Bd2 Bxd5 19. cxd5 Nb7 20. c4 Nc5 21. Qa3 Qe7 22. Be3 Rac8 23. Rfc1 f5 24. Rb5 Ne4 25. Qxe7 Rxe7 26. c5 Nxc5 27. Bxc5 bxc5 28. Rbxc5 Rxc5 29. Rxc5 Rb7 30. g3 Kf7 31. Kg2 Ke7 32. Rc6 Kf7 33. Ra6 Rd7 34. Ra5 Ke7 35. Kf3 Kd6 36. g4 g6 37. Kg3 Rc7 38. f3 Rc3 39. Kf2 Rc2+ 40. Kg3 f4+ 41. Kh3 Rf2 42. Rxa7 Rxf3+ 43. Kg2 Rc3 44. Rxh7 Rc2+ 45. Kf3 Rxa2 46. h4 Ra3+ 47. Kf2 Kxd5 48. Rb7 e4 49. h5 gxh5 50. gxh5 Ra2+ 51. Kg1 Ra3 52. Kf2 Ra2+ 53. Kg1 e3 54. Re7 Ra4 55. Kf1 Ra6 56. Rf7 Ke5 57. Ke2 Rf6 58. Re7+ Kf5 59. Kf3 Re6 60. Rf7+ Kg5 61. Rg7+ Kxh5 62. Rg1 Rg6 63. Ra1 Rf6 64. Rg1 Kh6 65. Rg2 Rg6 66. Ra2 Re6 67. Rg2 Rg6 1/2-1/2

[Event "CZE-chT2c 9596"]
[Site "Czech Republic"]
[Date "1996.??.??"]
[Round "5"]
[White "Hrabe, Petr"]
[Black "Ruzicka, Petr"]
[Result "1-0"]
[WhiteElo "2305"]
[BlackElo "2265"]
[PlyCount "61"]
[EventDate "1995.??.??"]
[EventType "team"]
[EventRounds "11"]
[EventCountry "CZE"]
[SourceTitle "EXT 2000"]
[Source "ChessBase"]
[SourceDate "1999.11.16"]
[SourceVersion "1"]
[SourceVersionDate "1999.11.16"]
[SourceQuality "1"]

1. e4 c5 2. c3 b6 3. d4 Bb7 4. d5 Nf6 5. Bd3 d6 6. Bg5 Nbd7 7. f4 a6 8. Nf3 c4 9. Bc2 Qc7 10. 0-0 g6 11. Nbd2 Bg7 12. Qe2 Rc8 13. Nd4 0-0 14. Rf3 Rfe8 15. f5 Ne5 16. Rh3 Rb8 17. Rf1 Bc8 18. Rf4 b5 19. Rfh4 Ned7 20. N2f3 Nf8 21. Bh6 e5 22. Nc6 Bxh6 23. Rxh6 Qb6+ 24. Kf1 Rb7 25. Ng5 Rd7 26. Qf3 Kg7 27. Qg3 Bb7 28. Qh4 Bxc6 29. Nxh7 N8xh7 30. Rxh7+ Nxh7 31. f6+ 1-0

[Event "CZE-chT2c 9596"]
[Site "Czech Republic"]
[Date "1996.??.??"]
[Round "11"]
[White "Hrabe, Petr"]
[Black "Sochor, Stanislav"]
[Result "1-0"]
[WhiteElo "2305"]
[BlackElo "2155"]
[PlyCount "79"]
[EventDate "1995.??.??"]
[EventType "team"]
[EventRounds "11"]
[EventCountry "CZE"]
[SourceTitle "EXT 2000"]
[Source "ChessBase"]
[SourceDate "1999.11.16"]
[SourceVersion "1"]
[SourceVersionDate "1999.11.16"]
[SourceQuality "1"]

1. e4 e6 2. d4 d5 3. Nd2 Nf6 4. e5 Nfd7 5. Bd3 c5 6. c3 Nc6 7. Ne2 cxd4 8. cxd4 f6 9. exf6 Nxf6 10. Nf3 Bd6 11. 0-0 Qc7 12. Nc3 a6 13. Bg5 0-0 14. Bh4 Bd7 15. Bg3 Bxg3 16. hxg3 Rae8 17. Qb3 Re7 18. Rfe1 Be8 19. Rad1 Bh5 20. Be2 Qd6 21. Qa4 Ng4 22. Ne5 Ngxe5 23. Bxh5 Nc4 24. Qb3 g6 25. Bf3 Ref7 26. Re2 b5 27. Qc2 Rf6 28. a3 Qd8 29. Qd3 Qb6 30. Bg4 Ne7 31. b3 Nxa3 32. Ra1 b4 33. Na4 Qd6 34. Nc5 Nf5 35. Bxf5 Rxf5 36. Rxe6 Qd8 37. Rf1 Re8 38. Qe3 Rff8 39. Qe5 Nb5 40. Re1 1-0

[Event "CZE-chT2c 9596"]
[Site "Czech Republic"]
[Date "1996.??.??"]
[Round "1"]
[White "Muzik, Martin"]
[Black "Hrabe, Petr"]
[Result "1-0"]
[WhiteElo "2195"]
[BlackElo "2305"]
[PlyCount "83"]
[EventDate "1995.??.??"]
[EventType "team"]
[EventRounds "11"]
[EventCountry "CZE"]
[SourceTitle "EXT 2000"]
[Source "ChessBase"]
[SourceDate "1999.11.16"]
[SourceVersion "1"]
[SourceVersionDate "1999.11.16"]
[SourceQuality "1"]

1. e4 c5 2. c3 d5 3. exd5 Qxd5 4. d4 Nf6 5. Nf3 Bg4 6. Be2 cxd4 7. cxd4 e6 8. Nc3 Qd6 9. h3 Bh5 10. 0-0 Nc6 11. Be3 Be7 12. Qd2 0-0 13. Rad1 Rfd8 14. a3 a6 15. b4 Rac8 16. Na4 Nd5 17. Nc5 Qc7 18. Rc1 Bxc5 19. Rxc5 Qd6 20. Rfc1 Bxf3 21. Bxf3 b6 22. R5c2 Nce7 23. Rxc8 Rxc8 24. Rxc8+ Nxc8 25. Qc2 Qc7 26. Qa4 h6 27. Bxd5 exd5 28. Qxa6 Ne7 29. Qb5 Kh7 30. a4 Qd6 31. a5 bxa5 32. bxa5 Nf5 33. Qd3 g6 34. a6 Qb6 35. Kh2 Nd6 36. Qa3 Nb5 37. Qf8 Qc7+ 38. g3 g5 39. Qc5 Qa5 40. Qxd5 Qxa6 41. Qxf7+ Kh8 42. d5 1-0